| 000 | 00729nam a2200205 a 4500 | ||
|---|---|---|---|
| 003 | 0 | ||
| 005 | 20250311122023.0 | ||
| 008 | 080730s19uu xx 00 eng d | ||
| 050 |
_aPGS TD 429.C67 _b.K49 2008 |
||
| 100 | _aKima, Vanessa S. | ||
| 245 |
_aThe use of corn husk as water filter / _cVanessa S. Kima. |
||
| 260 |
_aLas PiƱas City, Philippines : _bSouthville International School and Colleges, _c2008. |
||
| 300 |
_a17 pages : _billustrations ; _c28 cm. |
||
| 504 | _aIncludes bibliographical references. | ||
| 650 |
_aWater _vPurification. _vNatural filtration. |
||
| 650 |
_aCorn husks _vUtilization. |
||
| 650 | _aBiodegradable filters. | ||
| 650 |
_aWater quality _vFiltration methods. |
||
| 942 |
_2lcc _cPASS |
||
| 999 |
_c97974 _d97974 |
||